MARC
|
|
|
|
| LEADER |
00000 a a2200000 04500 |
| 001 |
19179 |
| 003 |
|
| 040 |
|
|
|
| 090 |
|
|
|a 019000
|
| 110 |
|
|
|a Costa Rica. Oficina de Planificación Nacional y Política Económica
|
| 245 |
|
|
|a Programa agropecuario, recursos naturales y agroindustrial. Período 1979-1982
|
| 260 |
|
|
|a San José:
|b OPSA
|
| 300 |
|
|
|a 71 p.
|
| 999 |
|
|
|c 12900
|d 12900
|